| 000 | 01277nam a2200313 i 4500 | ||
|---|---|---|---|
| 003 | EG-ScBUE | ||
| 005 | 20230604102748.0 | ||
| 008 | 110814s1993 ua o f 00010 ara d | ||
| 020 | _a9770135925 | ||
| 040 |
_aEG-ScBUE _bara _erda _cEG-ScBUE _dEG-ScBUE |
||
| 082 | 0 | 4 |
_222 _a791.43615 _bن ي ك |
| 100 | 1 |
_926671 _aنيكوللز، بيتر، _d1939- _eمؤلف. |
|
| 240 | 1 | 0 |
_aFantastic cinema. _lArabic |
| 245 | 1 | 2 |
_aالسينما الخيالية / _bتأليف بيتر نيكوللز ؛ ترجمة مدحت محفوظ. |
| 264 | 1 |
_aالقاهرة : _bالهيئة المصرية العامة للكتاب، _c1993. |
|
| 300 |
_a603 صفحة : _bصور ؛ _c24 سم. |
||
| 336 |
_2rdacontent _aنص _btxt |
||
| 337 |
_2rdamedia _aبدون وسيط _bn |
||
| 338 |
_2rdacarrier _aمجلد _bnc |
||
| 504 | _aيشتمل على كشاف | ||
| 546 | _aالنص باللغة العربية وتم ترجمته من اللغة الإنجليزية. | ||
| 650 | 7 |
_917218 _aالأفلام السينمائية. _2BUEsh |
|
| 650 | 7 |
_926673 _aالتمثيل في السينما. _2BUEsh |
|
| 650 | 7 |
_926676 _aالافلام الخيالية. _2BUEsh |
|
| 653 | _cAugust2011 | ||
| 655 | _vReading book | ||
| 700 | 1 |
_926672 _aمحفوظ، مدحت، _eمترجم. |
|
| 942 |
_2ddc _cBB |
||
| 999 |
_c15820 _d15820 |
||